[Event "Caioba op 7th"]
[Site "Caioba"]
[Date "2023.06.21"]
[Round "5"]
[White "Martins, Carlos"]
[Black "Boabaid, Jorge Alberto Duard"]
[Result "1-0"]
[WhiteElo "2219"]
[BlackElo "1807"]
[PlyCount "47"]
[EventDate "2023.06.18"]
[EventType "swiss"]
[EventRounds "9"]
[EventCountry "BRA"]
[SourceTitle "CBM 214 Extra"]
[Source "ChessBase"]
[SourceDate "2023.07.31"]
[SourceVersion "1"]
[SourceVersionDate "2023.07.31"]
[SourceQuality "1"]

1. e4 c5 2. Nf3 d6 3. d4 cxd4 4. Nxd4 Nf6 5. Nc3 a6 6. h3 Nc6 7. g4 e5 8. Nde2 Qa5 9. Bg2 Be6 10. 0-0 h6 11. a3 g5 12. Ng3 0-0-0 13. Nd5 Bxd5 14. exd5 Ne7 15. c4 Ng6 16. Be3 Nf4 17. b4 Qc7 18. b5 Nd7 19. bxa6 bxa6 20. Qa4 Nc5 21. Bxc5 Qxc5 22. Qxa6+ Kd7 23. Rab1 Ke7 24. Rb7+ 1-0

[Event "Titled Tuesday intern op 08th Mar Late"]
[Site "Chess.com INT"]
[Date "2022.03.08"]
[Round "6"]
[White "Martins, Carlos"]
[Black "Clawitter, Craig"]
[Result "1-0"]
[WhiteElo "2231"]
[BlackElo "2050"]
[PlyCount "53"]
[EventDate "2022.03.08"]
[EventType "swiss (blitz)"]
[EventRounds "11"]
[EventCountry "USA"]
[SourceTitle "CBM 207 Extra"]
[Source "ChessBase"]
[SourceDate "2022.05.31"]
[SourceVersion "1"]
[SourceVersionDate "2022.05.31"]
[SourceQuality "1"]

1. e4 e6 2. d4 d5 3. Nc3 Bb4 4. e5 c5 5. Bd2 Nh6 6. a3 Bxc3 7. Bxc3 Nf5 8. Nf3 cxd4 9. Nxd4 Nxd4 10. Qxd4 Nc6 11. Bb5 0-0 12. Qf4 Bd7 13. 0-0-0 Rc8 14. Rhe1 Qb6 15. Bd3 Na5 16. Bd4 Nb3+ 17. Kb1 Nxd4 18. Re3 Nf5 19. Rh3 h6 20. g4 Ne7 21. Rxh6 gxh6 22. Qxh6 Ng6 23. Bxg6 fxg6 24. Qxg6+ Kh8 25. Rd3 Qxf2 26. Rh3+ Qh4 27. Rxh4# 1-0

[Event "Titled Tuesday intern op 08th Mar Late"]
[Site "Chess.com INT"]
[Date "2022.03.08"]
[Round "10"]
[White "Martins, Carlos"]
[Black "Kostiukov, Alexandr"]
[Result "0-1"]
[WhiteElo "2231"]
[BlackElo "2271"]
[PlyCount "84"]
[EventDate "2022.03.08"]
[EventType "swiss (blitz)"]
[EventRounds "11"]
[EventCountry "USA"]
[SourceTitle "CBM 207 Extra"]
[Source "ChessBase"]
[SourceDate "2022.05.31"]
[SourceVersion "1"]
[SourceVersionDate "2022.05.31"]
[SourceQuality "1"]

1. e4 c5 2. Nf3 g6 3. d4 cxd4 4. Nxd4 Bg7 5. Nc3 Nc6 6. Be3 Nf6 7. Nxc6 bxc6 8. e5 Ng8 9. Bd4 f6 10. f4 fxe5 11. Bxe5 Nf6 12. Bc4 d5 13. Bb3 0-0 14. 0-0 Qb6+ 15. Kh1 Bg4 16. Qe1 Rae8 17. h3 Bc8 18. Rd1 Nh5 19. Bxg7 Kxg7 20. g4 Nf6 21. Qe5 Ba6 22. g5 Bxf1 23. Rxf1 Kh8 24. Kg2 Kg8 25. Qe6+ Kg7 26. gxf6+ exf6 27. Qd7+ Kh6 28. Rf2 d4 29. Ne2 c5 30. Ng3 Rd8 31. Qe6 Qxe6 32. Bxe6 Rfe8 33. f5 gxf5 34. Bxf5 c4 35. b3 d3 36. cxd3 cxd3 37. Rd2 Re3 38. Kf2 Re5 39. Bg4 Kg5 40. Bf3 Kh4 41. Ne4 f5 42. Nc3 Kxh3 0-1

[Event "Titled Tuesday intern op 01st Mar Late"]
[Site "Chess.com INT"]
[Date "2022.03.01"]
[Round "6"]
[White "Martins, Carlos"]
[Black "Adewumi, Tanitoluwa"]
[Result "1/2-1/2"]
[WhiteElo "2231"]
[BlackElo "2190"]
[PlyCount "136"]
[EventDate "2022.03.01"]
[EventType "swiss (blitz)"]
[EventRounds "11"]
[EventCountry "USA"]
[SourceTitle "CBM 207 Extra"]
[Source "ChessBase"]
[SourceDate "2022.05.31"]
[SourceVersion "1"]
[SourceVersionDate "2022.05.31"]
[SourceQuality "1"]

1. e4 c6 2. d4 d5 3. Nc3 g6 4. h3 Bg7 5. Nf3 dxe4 6. Nxe4 Nf6 7. Nxf6+ exf6 8. Be3 0-0 9. Qd2 Re8 10. 0-0-0 Be6 11. Kb1 Nd7 12. Bh6 Bh8 13. c4 Nb6 14. b3 a5 15. a4 Qe7 16. Ka2 Nc8 17. Bd3 b5 18. cxb5 cxb5 19. Bxb5 Nd6 20. Bxe8 Qxe8 21. d5 Ne4 22. Qe3 f5 23. Rd4 Bxd5 24. Rc1 Be6 25. Rc7 Rb8 26. Rdc4 Bxc4 27. Rxc4 Qe6 28. Nd4 Qf6 29. f3 Nd6 30. Qf4 Rd8 31. Bg5 Nxc4 32. Bxf6 Bxf6 33. bxc4 Rxd4 34. Qb8+ Kg7 35. Qb5 Rd2+ 36. Kb1 Rd4 37. Kc2 f4 38. c5 Rb4 39. Qxa5 Rb2+ 40. Kd3 Rxg2 41. c6 Rf2 42. c7 Rxf3+ 43. Ke4 Re3+ 44. Kxf4 Re8 45. Qa6 Be5+ 46. Kf3 Bxc7 47. Qc4 Be5 48. a5 h5 49. a6 Bb8 50. Qc5 Re6 51. a7 Bxa7 52. Qxa7 Rf6+ 53. Kg3 Re6 54. h4 Kg8 55. Kf4 Kg7 56. Kg5 Re5+ 57. Kf4 Rf5+ 58. Kg3 Kg8 59. Qe7 Kh7 60. Qf8 Rf6 61. Qe7 Rf5 62. Qf8 Rf1 63. Kg2 Rf6 64. Kg3 Rf5 65. Kg2 Rf4 66. Kg3 Rf5 67. Kg2 Rf6 68. Kg3 Rf5 1/2-1/2

[Event "Titled Tuesday intern op 01st Mar Late"]
[Site "Chess.com INT"]
[Date "2022.03.01"]
[Round "10"]
[White "Martins, Carlos"]
[Black "Bellissimo, Joseph F"]
[Result "1-0"]
[WhiteElo "2231"]
[BlackElo "2203"]
[PlyCount "117"]
[EventDate "2022.03.01"]
[EventType "swiss (blitz)"]
[EventRounds "11"]
[EventCountry "USA"]
[SourceTitle "CBM 207 Extra"]
[Source "ChessBase"]
[SourceDate "2022.05.31"]
[SourceVersion "1"]
[SourceVersionDate "2022.05.31"]
[SourceQuality "1"]

1. e4 e6 2. d4 d5 3. Nc3 Nf6 4. Bg5 dxe4 5. Nxe4 Be7 6. Bxf6 gxf6 7. g3 f5 8. Nc3 c5 9. d5 Bf6 10. Nge2 0-0 11. Bg2 e5 12. 0-0 Nd7 13. Qd3 e4 14. Qe3 Ne5 15. b3 b6 16. h3 Ba6 17. Rfe1 Bg5 18. Nf4 Qd6 19. Bxe4 Rae8 20. Bxf5 Ng6 21. Qxe8 Rxe8 22. Rxe8+ Kg7 23. Ne4 Qc7 24. d6 Qc6 25. d7 Nxf4 26. gxf4 Bh4 27. Ng5 Bxg5 28. fxg5 Bb7 29. Rg8+ Kxg8 30. d8Q+ Kg7 31. Qf6+ Qxf6 32. gxf6+ Kxf6 33. Bxh7 Ke5 34. Bd3 Kd4 35. a4 Kc3 36. a5 Bc6 37. axb6 axb6 38. Ra6 Bd5 39. Rxb6 Be6 40. Rc6 Kd4 41. h4 Bg4 42. Rf6 Bh5 43. Rf5 Bg6 44. Rg5 Bxd3 45. cxd3 Kxd3 46. Rxc5 Ke4 47. h5 f5 48. h6 f4 49. h7 Kf3 50. h8Q Kg4 51. Qg7+ Kf3 52. Qc3+ Kg4 53. Rc4 Kh5 54. Qf3+ Kg6 55. Qg4+ Kh7 56. Rc7+ Kh6 57. Rc6+ Kh7 58. Qg6+ Kh8 59. Rc8# 1-0

[Event "Titled Tuesday intern op 01st Mar Late"]
[Site "Chess.com INT"]
[Date "2022.03.01"]
[Round "8"]
[White "Petrovic, Aleksa"]
[Black "Martins, Carlos"]
[Result "1-0"]
[WhiteElo "2296"]
[BlackElo "2231"]
[PlyCount "81"]
[EventDate "2022.03.01"]
[EventType "swiss (blitz)"]
[EventRounds "11"]
[EventCountry "USA"]
[SourceTitle "CBM 207 Extra"]
[Source "ChessBase"]
[SourceDate "2022.05.31"]
[SourceVersion "1"]
[SourceVersionDate "2022.05.31"]
[SourceQuality "1"]

1. Nf3 d6 2. d4 f5 3. g3 Nf6 4. Bg2 g6 5. 0-0 Bg7 6. c3 0-0 7. Qb3+ Kh8 8. Ng5 d5 9. Nd2 Ne4 10. Ndf3 h6 11. Nxe4 fxe4 12. Ne5 Kh7 13. f3 exf3 14. Rxf3 c6 15. Rxf8 Qxf8 16. Qc2 Bf5 17. e4 dxe4 18. Bxe4 Bxe5 19. dxe5 Nd7 20. Bxf5 Qxf5 21. Qxf5 gxf5 22. Bf4 Nc5 23. Rd1 Kg6 24. b4 Na4 25. Rd7 Nxc3 26. Rxb7 Kf7 27. Bxh6 Ke6 28. Rc7 Nxa2 29. Rxc6+ Kxe5 30. Bd2 Rd8 31. Rc2 Nxb4 32. Bxb4 Rd1+ 33. Kg2 Ke4 34. Re2+ Kd3 35. Rxe7 Ra1 36. h4 a5 37. Bd6 a4 38. h5 a3 39. h6 a2 40. Ra7 Ke4 41. h7 1-0

[Event "Titled Tuesday intern op 01st Mar Late"]
[Site "Chess.com INT"]
[Date "2022.03.01"]
[Round "11"]
[White "Pinheiro, Iung Alicio"]
[Black "Martins, Carlos"]
[Result "1/2-1/2"]
[WhiteElo "2320"]
[BlackElo "2231"]
[PlyCount "90"]
[EventDate "2022.03.01"]
[EventType "swiss (blitz)"]
[EventRounds "11"]
[EventCountry "USA"]
[SourceTitle "CBM 207 Extra"]
[Source "ChessBase"]
[SourceDate "2022.05.31"]
[SourceVersion "1"]
[SourceVersionDate "2022.05.31"]
[SourceQuality "1"]

1. e4 e6 2. Qe2 c5 3. Nf3 Nc6 4. g3 Be7 5. Bg2 Nf6 6. 0-0 d5 7. d3 0-0 8. e5 Nd7 9. c4 d4 10. h4 f6 11. exf6 Nxf6 12. Bf4 Bd6 13. Bxd6 Qxd6 14. Re1 Ng4 15. Nbd2 e5 16. Ne4 Qe7 17. a3 h6 18. Rab1 a5 19. Nh2 Nxh2 20. Kxh2 a4 21. b3 axb3 22. Rxb3 Ra5 23. Reb1 Kh8 24. Kg1 Rf7 25. Qe1 Qf8 26. Nd2 Ra7 27. Bxc6 bxc6 28. Rb8 Rfe7 29. Ne4 Re8 30. Qe2 Rxa3 31. Qh5 Rxd3 32. Nd6 Rd8 33. Nf7+ Kh7 34. Nxd8 Qxd8 35. Qxe5 Qd7 36. Qe4+ Qf5 37. Qe8 Bd7 38. Qh8+ Kg6 39. Rf1 Qh3 40. Qf8 Rxg3+ 41. fxg3 Qxg3+ 42. Kh1 Qh3+ 43. Kg1 Qg3+ 44. Kh1 Qh3+ 45. Kg1 Qg3+ 1/2-1/2

[Event "Titled Tuesday intern op 16th Nov"]
[Site "Chess.com INT"]
[Date "2021.11.16"]
[Round "9"]
[White "Andersson, Bjorn2222"]
[Black "Martins, Carlos"]
[Result "1-0"]
[WhiteElo "2121"]
[BlackElo "2231"]
[PlyCount "85"]
[EventDate "2021.11.16"]
[EventType "swiss (blitz)"]
[EventRounds "11"]
[EventCountry "USA"]
[SourceTitle "CBM 205 Extra"]
[Source "ChessBase"]
[SourceDate "2022.01.31"]
[SourceVersion "1"]
[SourceVersionDate "2022.01.31"]
[SourceQuality "1"]

1. e4 c5 2. Nf3 d6 3. d4 cxd4 4. Nxd4 Nf6 5. Nc3 g6 6. Be2 Bg7 7. Nb3 0-0 8. g4 Be6 9. g5 Nfd7 10. h4 Nc6 11. h5 a5 12. a4 Rc8 13. f4 Qb6 14. hxg6 fxg6 15. Bg4 Bxb3 16. cxb3 Nc5 17. Qd5+ Kh8 18. Be3 Qxb3 19. Qxb3 Nxb3 20. Ra3 Nbd4 21. Bxd4 Nxd4 22. Bxc8 Nc2+ 23. Kd2 Nxa3 24. bxa3 Bxc3+ 25. Kxc3 Rxc8+ 26. Kd4 Kg7 27. f5 Rc2 28. Rb1 Ra2 29. Rxb7 Kf8 30. Kd5 Rxa3 31. Ke6 gxf5 32. exf5 Re3+ 33. Kd7 Re5 34. Rb5 Kf7 35. Kc6 Kf8 36. Kb6 Re4 37. Kxa5 Rg4 38. f6 exf6 39. gxf6 Kf7 40. Rb7+ Kxf6 41. Rxh7 Rg1 42. Kb6 Rb1+ 43. Ka6 1-0

[Event "Titled Tuesday intern op 16th Nov"]
[Site "Chess.com INT"]
[Date "2021.11.16"]
[Round "8"]
[White "Martins, Carlos"]
[Black "Krivonosov, Oleg"]
[Result "0-1"]
[WhiteElo "2231"]
[BlackElo "2362"]
[PlyCount "84"]
[EventDate "2021.11.16"]
[EventType "swiss (blitz)"]
[EventRounds "11"]
[EventCountry "USA"]
[SourceTitle "CBM 205 Extra"]
[Source "ChessBase"]
[SourceDate "2022.01.31"]
[SourceVersion "1"]
[SourceVersionDate "2022.01.31"]
[SourceQuality "1"]

1. e4 e5 2. Nf3 Nc6 3. Nc3 Nf6 4. a3 d5 5. Bb5 Nxe4 6. 0-0 Nxc3 7. bxc3 Bd6 8. Re1 f6 9. d4 e4 10. c4 0-0 11. cxd5 exf3 12. dxc6 fxg2 13. Qf3 bxc6 14. Bxc6 Rb8 15. Qxg2 Bd7 16. Bh6 Rf7 17. Bd5 Qf8 18. Bxf7+ Qxf7 19. Be3 Qh5 20. c4 Kh8 21. c5 Bh3 22. Rab1 Rg8 23. Qb7 Bxh2+ 24. Kxh2 Bc8+ 25. Kg1 Bxb7 26. Rxb7 Qg4+ 27. Kf1 h5 28. Rxc7 h4 29. Rc1 h3 30. Ke1 h2 31. Kd2 Qg2 32. Rxa7 h1Q 33. Rxh1+ Qxh1 34. Rd7 Qc6 35. Rd6 Qa4 36. d5 Qxa3 37. Rd7 Qb4+ 38. Kc1 Ra8 39. c6 Ra2 40. c7 Qb2+ 41. Kd1 Qe2+ 42. Kc1 Qe1# 0-1

[Event "Titled Tuesday intern op 16th Nov"]
[Site "Chess.com INT"]
[Date "2021.11.16"]
[Round "6"]
[White "Noboa Silva, Kevin Omar"]
[Black "Martins, Carlos"]
[Result "1-0"]
[WhiteElo "2331"]
[BlackElo "2231"]
[PlyCount "115"]
[EventDate "2021.11.16"]
[EventType "swiss (blitz)"]
[EventRounds "11"]
[EventCountry "USA"]
[SourceTitle "CBM 205 Extra"]
[Source "ChessBase"]
[SourceDate "2022.01.31"]
[SourceVersion "1"]
[SourceVersionDate "2022.01.31"]
[SourceQuality "1"]

1. e4 c5 2. c3 Nf6 3. e5 Nd5 4. d4 cxd4 5. cxd4 e6 6. f4 d6 7. Nf3 Bd7 8. Bd3 Bc6 9. 0-0 g6 10. Kh1 Bg7 11. Ng5 Nb4 12. Be4 d5 13. Bf3 h6 14. Nh3 Bb5 15. Rf2 Qb6 16. Nc3 Ba6 17. f5 gxf5 18. Nf4 Rg8 19. a3 N4c6 20. Na4 Qc7 21. Be3 Nd7 22. Rc1 Qd8 23. Nh5 Bh8 24. Bxh6 Qh4 25. Be3 Ndxe5 26. dxe5 Bxe5 27. g3 Qe7 28. Nc5 Qd6 29. Nxa6 bxa6 30. Bc5 Qc7 31. Bg2 Bh8 32. Rfc2 Rc8 33. Bf2 Qd7 34. Qe2 Ne7 35. Qxa6 Rxc2 36. Rxc2 Kf8 37. Qxa7 Qxa7 38. Bxa7 Ng6 39. Bc5+ Ke8 40. Bd6 Kd7 41. Bb4 Rc8 42. Rxc8 Kxc8 43. Kg1 Kb7 44. b3 Ka6 45. Bf1+ Kb6 46. Kf2 Ne5 47. Be2 Nc6 48. Nf4 Nxb4 49. axb4 Bc3 50. Nd3 e5 51. h4 e4 52. Nf4 Kc6 53. b5+ Kd6 54. h5 d4 55. Bc4 d3 56. h6 Bd4+ 57. Ke1 Kc5 58. Nxd3+ 1-0

[Event "Titled Tuesday intern op 09th Nov"]
[Site "Chess.com INT"]
[Date "2021.11.09"]
[Round "4"]
[White "Kislov, Oleg"]
[Black "Martins, Carlos"]
[Result "0-1"]
[WhiteElo "2249"]
[BlackElo "2231"]
[PlyCount "58"]
[EventDate "2021.11.09"]
[EventType "swiss (blitz)"]
[EventRounds "11"]
[EventCountry "USA"]
[SourceTitle "CBM 205 Extra"]
[Source "ChessBase"]
[SourceDate "2022.01.31"]
[SourceVersion "1"]
[SourceVersionDate "2022.01.31"]
[SourceQuality "1"]

1. d4 Nf6 2. Nc3 d5 3. Bg5 e6 4. e4 Be7 5. e5 Nfd7 6. Bxe7 Qxe7 7. f4 a6 8. Nf3 c5 9. dxc5 Nc6 10. Bd3 Nxc5 11. 0-0 Nxd3 12. cxd3 0-0 13. Qd2 f6 14. Rae1 fxe5 15. Nxe5 Nxe5 16. Rxe5 Qb4 17. a3 Qd4+ 18. Rf2 Bd7 19. Ne2 Qb6 20. Qc3 Rac8 21. Qd4 Rc1+ 22. Rf1 Rxf4 23. Rxc1 Rxd4 24. Kh1 Rxd3 25. Nf4 Re3 26. Rg5 Qxb2 27. Rf1 Qf2 28. Rxf2 Re1+ 29. Rf1 Rxf1# 0-1

[Event "Titled Tuesday intern op 02nd Nov"]
[Site "Chess.com INT"]
[Date "2021.11.02"]
[Round "9"]
[White "Bashirli, Saadat"]
[Black "Martins, Carlos"]
[Result "0-1"]
[WhiteElo "1284"]
[BlackElo "2231"]
[PlyCount "152"]
[EventDate "2021.11.02"]
[EventType "swiss (blitz)"]
[EventRounds "11"]
[EventCountry "USA"]
[SourceTitle "CBM 205 Extra"]
[Source "ChessBase"]
[SourceDate "2022.01.31"]
[SourceVersion "1"]
[SourceVersionDate "2022.01.31"]
[SourceQuality "1"]

1. e4 c5 2. Nf3 Nc6 3. Bc4 e6 4. Nc3 a6 5. a4 g6 6. 0-0 Bg7 7. h3 Nge7 8. Re1 d6 9. d3 0-0 10. Bg5 h6 11. Bf4 Ne5 12. Nxe5 dxe5 13. Be3 b6 14. Qf3 Kh7 15. Ne2 Bb7 16. Ng3 Qd6 17. Nf1 f5 18. Nd2 f4 19. Bxf4 Rxf4 20. Qg3 Raf8 21. f3 g5 22. Nf1 Ng6 23. Ne3 Nh4 24. Ng4 h5 25. Ne3 Bf6 26. c3 Rg8 27. Kh1 Rg7 28. Rad1 Qd7 29. b4 cxb4 30. cxb4 Qxa4 31. Rb1 Qd7 32. Ra1 b5 33. Bb3 Qd4 34. Bxe6 Qxd3 35. Nf5 Nxf5 36. Bxf5+ Kh6 37. Qf2 g4 38. hxg4 hxg4 39. Re3 Qc4 40. Rae1 g3 41. Qg1 Rh4+ 42. Bh3 Qe6 43. R3e2 Rxh3+ 44. gxh3 Qxh3+ 45. Rh2 gxh2 46. Qxh2 Qxh2+ 47. Kxh2 Bh4 48. Rf1 Bg3+ 49. Kg2 Bf4+ 50. Kf2 Rd7 51. Ke2 Rd2+ 52. Ke1 Rb2 53. Rh1+ Kg5 54. Rf1 Rb1+ 55. Kf2 Rxf1+ 56. Kxf1 Bc6 57. Ke1 Be3 58. Kd1 Bd4 59. Kc2 Kf4 60. Kd1 Kxf3 61. Ke1 Kxe4 62. Kf1 Kd3 63. Ke1 Kc4 64. Kd1 Kxb4 65. Ke1 Kb3 66. Kf1 a5 67. Ke1 a4 68. Kd1 a3 69. Ke1 a2 70. Kf1 a1Q+ 71. Ke2 Qc3 72. Kd1 Qh3 73. Ke2 Qg2+ 74. Kd1 Kc3 75. Ke1 Qf2+ 76. Kd1 Qd2# 0-1

[Event "Titled Tuesday intern op 02nd Nov"]
[Site "Chess.com INT"]
[Date "2021.11.02"]
[Round "7"]
[White "Bogumil, Tatiana"]
[Black "Martins, Carlos"]
[Result "1-0"]
[WhiteElo "2182"]
[BlackElo "2231"]
[PlyCount "157"]
[EventDate "2021.11.02"]
[EventType "swiss (blitz)"]
[EventRounds "11"]
[EventCountry "USA"]
[SourceTitle "CBM 205 Extra"]
[Source "ChessBase"]
[SourceDate "2022.01.31"]
[SourceVersion "1"]
[SourceVersionDate "2022.01.31"]
[SourceQuality "1"]

1. Nf3 f5 2. c4 Nf6 3. b3 g6 4. Bb2 Bg7 5. g3 d6 6. d4 0-0 7. d5 e5 8. dxe6 Bxe6 9. Nd4 Bf7 10. Bg2 c6 11. 0-0 Nbd7 12. Nc3 Nb6 13. e3 d5 14. cxd5 Nbxd5 15. Rc1 Re8 16. Qc2 Nxc3 17. Bxc3 Bd5 18. Nf3 Qe7 19. Rfd1 Ne4 20. Bxg7 Qxg7 21. Nd4 Rad8 22. b4 a6 23. a3 Ng5 24. h4 Bxg2 25. Kxg2 Nf7 26. Nf3 Qf6 27. Rxd8 Rxd8 28. Rd1 h6 29. Rxd8+ Qxd8 30. Qc4 Kg7 31. Qc3+ Kh7 32. Qd4 Qe7 33. Nd2 Ne5 34. Nc4 Ng4 35. Nd6 h5 36. Qf4 Nf6 37. Nc4 Nd5 38. Qd4 Qe6 39. Ne5 Nf6 40. Nf3 Kg7 41. Ng5 Qd5+ 42. Qxd5 Nxd5 43. Ne6+ Kf6 44. Nc5 b6 45. Nxa6 Nc3 46. Nb8 c5 47. bxc5 bxc5 48. Nd7+ Ke7 49. Nxc5 Kd6 50. Nd3 Nb5 51. a4 Nc7 52. Nb2 Ne6 53. f3 Kc5 54. g4 fxg4 55. fxg4 hxg4 56. Kg3 Kb4 57. Kxg4 Kb3 58. Nd3 Kxa4 59. Nf4 Nf8 60. Kg5 Kb5 61. Nxg6 Ne6+ 62. Kf6 Nc5 63. Ne5 Ne4+ 64. Kg6 Kc5 65. h5 Kd5 66. Nf7 Ke6 67. h6 Nf6 68. Ng5+ Ke7 69. e4 Ng8 70. e5 Nf6 71. h7 Nxh7 72. Kxh7 Kf8 73. Kg6 Ke7 74. Kf5 Kf8 75. e6 Ke8 76. Kf6 Kf8 77. Nf7 Ke8 78. Nd6+ Kf8 79. e7+ 1-0

[Event "Titled Tuesday intern op 26th Oct"]
[Site "Chess.com INT"]
[Date "2021.10.26"]
[Round "5"]
[White "Martins, Carlos"]
[Black "Ptacnikova, Lenka"]
[Result "1-0"]
[WhiteElo "2231"]
[BlackElo "2135"]
[PlyCount "81"]
[EventDate "2021.10.26"]
[EventType "swiss (blitz)"]
[EventRounds "11"]
[EventCountry "USA"]
[SourceTitle "CBM 204 Extra"]
[Source "ChessBase"]
[SourceDate "2021.11.30"]
[SourceVersion "1"]
[SourceVersionDate "2021.11.30"]
[SourceQuality "1"]

1. e4 g6 2. d4 Bg7 3. Nf3 d6 4. Bc4 Nf6 5. Qe2 0-0 6. 0-0 e5 7. dxe5 dxe5 8. Nc3 Bg4 9. h3 Bxf3 10. Qxf3 Nc6 11. Bg5 Nd4 12. Qd1 h6 13. Bh4 g5 14. Bg3 Re8 15. Nd5 c6 16. Nxf6+ Qxf6 17. c3 Ne6 18. Qb3 Nc5 19. Qc2 b5 20. Be2 Qg6 21. f3 Ne6 22. Rfd1 Bf8 23. b4 Nf4 24. Bf1 a5 25. a3 Qe6 26. Qf2 Nh5 27. Bh2 Qb3 28. Qe3 axb4 29. axb4 Bxb4 30. Rac1 Ra3 31. Qb6 Bxc3 32. Qxc6 Rf8 33. Qxh6 Ng7 34. Qxg5 Qb2 35. Rxc3 Qxc3 36. Bxe5 Qc5+ 37. Kh1 f6 38. Bxf6 Qxg5 39. Bxg5 b4 40. Be7 Rb8 41. Rb1 1-0

[Event "Titled Tuesday intern op 26th Oct"]
[Site "Chess.com INT"]
[Date "2021.10.26"]
[Round "6"]
[White "Sarkar, Justin"]
[Black "Martins, Carlos"]
[Result "0-1"]
[WhiteElo "2324"]
[BlackElo "2231"]
[PlyCount "52"]
[EventDate "2021.10.26"]
[EventType "swiss (blitz)"]
[EventRounds "11"]
[EventCountry "USA"]
[SourceTitle "CBM 204 Extra"]
[Source "ChessBase"]
[SourceDate "2021.11.30"]
[SourceVersion "1"]
[SourceVersionDate "2021.11.30"]
[SourceQuality "1"]

1. e4 c5 2. Nf3 Nc6 3. d4 cxd4 4. Nxd4 g6 5. c4 Nf6 6. Nc3 Bg7 7. Nxc6 bxc6 8. e5 Ng8 9. Bf4 f6 10. Qe2 Qa5 11. e6 dxe6 12. 0-0-0 e5 13. Bd2 Qc7 14. g3 Nh6 15. Bg2 Rb8 16. Qe4 Bb7 17. f4 f5 18. Qe3 e4 19. Qxa7 0-0 20. Be3 Ra8 21. Qb6 Qxb6 22. Bxb6 Bxc3 23. bxc3 Rxa2 24. Rhg1 Nf7 25. Rd7 Ra1+ 26. Kb2 Rxg1 0-1

[Event "Titled Tuesday intern op 26th Oct"]
[Site "Chess.com INT"]
[Date "2021.10.26"]
[Round "11"]
[White "Toncheva, Nadya"]
[Black "Martins, Carlos"]
[Result "1-0"]
[WhiteElo "2247"]
[BlackElo "2231"]
[PlyCount "133"]
[EventDate "2021.10.26"]
[EventType "swiss (blitz)"]
[EventRounds "11"]
[EventCountry "USA"]
[SourceTitle "CBM 204 Extra"]
[Source "ChessBase"]
[SourceDate "2021.11.30"]
[SourceVersion "1"]
[SourceVersionDate "2021.11.30"]
[SourceQuality "1"]

1. d4 f5 2. c4 Nf6 3. Nc3 d6 4. Qc2 g6 5. e4 Nc6 6. Nf3 Bg7 7. a3 0-0 8. Bd3 fxe4 9. Nxe4 Nxe4 10. Bxe4 Nxd4 11. Nxd4 Bxd4 12. 0-0 c6 13. Bh6 Rf7 14. Rad1 Bf6 15. Rd3 Qa5 16. Rg3 Qh5 17. Bd2 Rg7 18. Re1 Bf5 19. Bxf5 gxf5 20. Rxg7+ Kxg7 21. Bc3 Bxc3 22. Qxc3+ Kf7 23. Qb3 Rb8 24. c5+ d5 25. Qe3 Re8 26. Qe6+ Kf8 27. h3 Qf7 28. Qe5 e6 29. Qd6+ Re7 30. Qb8+ Kg7 31. Qxa7 e5 32. Qa4 d4 33. Qc2 e4 34. Qd2 Qf6 35. Rd1 d3 36. b4 Rd7 37. a4 Qd4 38. Qg5+ Kf8 39. Qxf5+ Rf7 40. Qc8+ Kg7 41. Qg4+ Kh8 42. Rd2 Qa1+ 43. Kh2 Qe5+ 44. Qg3 Qd4 45. Qb8+ Kg7 46. Qg3+ Kf8 47. Qd6+ Qxd6+ 48. cxd6 Ke8 49. f3 exf3 50. gxf3 Rxf3 51. Kg2 Re3 52. Rd1 Kd7 53. h4 Kxd6 54. Kf2 Rh3 55. h5 Kd5 56. Kg2 Rxh5 57. Rxd3+ Kc4 58. Rd7 b5 59. a5 Kxb4 60. a6 Rg5+ 61. Kf2 Rg8 62. Rxh7 Ra8 63. a7 c5 64. Ke3 c4 65. Kd4 Rd8+ 66. Ke3 Kc3 67. Rb7 1-0

[Event "Titled Tuesday intern op 19th Oct"]
[Site "Chess.com INT"]
[Date "2021.10.19"]
[Round "3"]
[White "Martins, Carlos"]
[Black "Grabinsky, Vladimir"]
[Result "1-0"]
[WhiteElo "2231"]
[BlackElo "2219"]
[PlyCount "67"]
[EventDate "2021.10.19"]
[EventType "swiss (blitz)"]
[EventRounds "11"]
[EventCountry "USA"]
[SourceTitle "CBM 204 Extra"]
[Source "ChessBase"]
[SourceDate "2021.11.30"]
[SourceVersion "1"]
[SourceVersionDate "2021.11.30"]
[SourceQuality "1"]

1. e4 c5 2. Nf3 Nc6 3. d4 cxd4 4. Nxd4 e5 5. Nb5 d6 6. a4 a6 7. N5c3 Nf6 8. Bc4 Bg4 9. f3 Be6 10. Na3 Be7 11. Be3 0-0 12. 0-0 Rc8 13. Nd5 Bxd5 14. Bxd5 Nxd5 15. Qxd5 Bg5 16. Bf2 Nd4 17. Bxd4 exd4 18. Qxd4 Qa5 19. Nc4 Qb4 20. b3 b5 21. axb5 axb5 22. Qd5 bxc4 23. Qxg5 cxb3 24. cxb3 Qxb3 25. Rad1 Rc2 26. Rxd6 Qb2 27. Rfd1 h6 28. Qg3 h5 29. h4 Re2 30. R6d5 Qb6+ 31. Kh2 g6 32. Rxh5 Qb3 33. Rd6 Qb4 34. Rxg6+ 1-0

[Event "Titled Tuesday intern op 19th Oct"]
[Site "Chess.com INT"]
[Date "2021.10.19"]
[Round "10"]
[White "Tasev, Dejan"]
[Black "Martins, Carlos"]
[Result "1-0"]
[WhiteElo "2305"]
[BlackElo "2231"]
[PlyCount "77"]
[EventDate "2021.10.19"]
[EventType "swiss (blitz)"]
[EventRounds "11"]
[EventCountry "USA"]
[SourceTitle "CBM 204 Extra"]
[Source "ChessBase"]
[SourceDate "2021.11.30"]
[SourceVersion "1"]
[SourceVersionDate "2021.11.30"]
[SourceQuality "1"]

1. e4 c5 2. Nf3 d6 3. d4 cxd4 4. Nxd4 Nf6 5. Nc3 g6 6. Bc4 Bg7 7. Bb3 0-0 8. f3 Nc6 9. Be3 Bd7 10. h4 Qa5 11. Qd2 Rfc8 12. 0-0-0 Ne5 13. Kb1 Nc4 14. Bxc4 Rxc4 15. Nb3 Qc7 16. Bd4 Be6 17. h5 a5 18. a4 Rb4 19. hxg6 fxg6 20. g4 Rxb3 21. cxb3 Bxb3 22. Rc1 Qd7 23. g5 Nh5 24. Bxg7 Kxg7 25. f4 Qg4 26. f5 Rc8 27. f6+ exf6 28. gxf6+ Nxf6 29. Qxd6 Rxc3 30. Qe7+ Bf7 31. Rxc3 Nxe4 32. Rc7 Ng5 33. Qe5+ Kg8 34. Rxb7 Qe4+ 35. Qxe4 Nxe4 36. Re1 Nc5 37. Ra7 h5 38. Ree7 Bc4 39. Re8# 1-0

[Event "Titled Tuesday intern op 10th Aug"]
[Site "Chess.com INT"]
[Date "2021.08.10"]
[Round "10"]
[White "Martins, Carlos"]
[Black "Ashiev, Eduard"]
[Result "1-0"]
[WhiteElo "2231"]
[BlackElo "2202"]
[PlyCount "61"]
[EventDate "2021.08.10"]
[EventType "swiss (blitz)"]
[EventRounds "11"]
[EventCountry "USA"]
[SourceTitle "CBM 203 Extra"]
[Source "ChessBase"]
[SourceDate "2021.09.30"]
[SourceVersion "1"]
[SourceVersionDate "2021.09.30"]
[SourceQuality "1"]

1. e4 e5 2. Nf3 Nc6 3. Nc3 Nf6 4. a3 h6 5. d4 exd4 6. Nxd4 Bc5 7. Be3 Bb6 8. f3 0-0 9. Qd2 d5 10. Nxc6 bxc6 11. 0-0-0 Qe7 12. Bxb6 axb6 13. exd5 cxd5 14. Re1 Qc5 15. Bd3 Be6 16. g4 d4 17. Ne4 Nxe4 18. Rxe4 b5 19. Rxd4 Rxa3 20. bxa3 Qxa3+ 21. Kd1 Qa1+ 22. Qc1 Qxd4 23. Re1 Rd8 24. Ke2 Qe5+ 25. Kf1 Qxh2 26. Qe3 Bc4 27. Qe4 Bxd3+ 28. cxd3 Ra8 29. Qxa8+ Kh7 30. Qe4+ g6 31. Qd5 1-0